|
|
|
|
| LEADER |
00000cam a2200000 7i4500 |
| 001 |
0000000866 |
| 005 |
20021007.0 |
| 020 |
0 |
0 |
|a 9839592661
|
| 090 |
0 |
0 |
|a FRIM581.2298
|b LEE 1997
|
| 100 |
1 |
0 |
|a LEE
|h Su See
|
| 245 |
1 |
0 |
|a Panduan mengenal penyakit-penyakit akar
|c Lee Su See
|
| 260 |
0 |
0 |
|a Kuala Lumpur :
|b Institut Penyelidikan Perhutanan Malaysia (FRIM) ,
|c 1997
|
| 300 |
|
|
|a 15 p. :
|b col. ill. ;
|c 20 cm.
|
| 440 |
0 |
0 |
|a FRIM technical information handbook; n. 8
|
| 650 |
0 |
0 |
|a Roots (Botany)
|x Diseases and pests
|
| 710 |
1 |
1 |
|a Institut Penyelidikan Perhutanan Malaysia (FRIM)
|
| 998 |
|
|
|a JPSM
|
| 999 |
|
|
|a 0000001936
|b Monograph
|c Open Shelf
|e Default branch
|
| 999 |
|
|
|a 0000003478
|b Monograph
|c Open Shelf
|e Default branch
|